Internetbanking a telephonbanking - moderné služby SLSP, a.s.

Slovenská sporiteľňa, a.s. v rámci balíka služieb elektronického bankovníctva zaviedla pre svojich klientov nové služby - internetbanking a telephonbanking. Požiadavky na zabezpečenie týchto služieb. Identifikácia klienta je zabezpečená elektronickým osobným kľúčom.

Gespeichert in:
Bibliographische Detailangaben
1. Verfasser: Záchenský, Peter
Format: Buchkapitel
Sprache:Slowakisch
Schlagworte:
Tags: Tag hinzufügen
Keine Tags, Fügen Sie das erste Tag hinzu!

MARC

LEADER 00000naa a2200000 4500
001 r033556
005 20230929092747.9
041 0 |a slo 
044 |a SK 
245 1 0 |a Internetbanking a telephonbanking - moderné služby SLSP, a.s.  |c Peter Záchenský 
520 |a Slovenská sporiteľňa, a.s. v rámci balíka služieb elektronického bankovníctva zaviedla pre svojich klientov nové služby - internetbanking a telephonbanking. Požiadavky na zabezpečenie týchto služieb. Identifikácia klienta je zabezpečená elektronickým osobným kľúčom. 
610 2 0 |a telebanking 
610 2 0 |a služby bankové 
610 2 0 |a bankovníctvo elektronické 
610 2 0 |a bezpečnosť 
610 2 0 |a príkazy prevodné 
610 2 0 |a klienti 
610 2 0 |a Slovensko 
610 2 0 |a internet 
610 2 0 |a Slovenská sporiteľňa, a.s. Bratislava 
100 1 |a Záchenský, Peter